000
00322nam a2200109Ia 4500
008
171211s9999 xx 000 0 und d
245
_a
Serious Games: Second Joint International Conference
245
_c
Jannicke Baalsrud Hauge
260
_c
2016
650
_x
GAMES
856
_u
http://down.ebook777.com/057/331945840X.pdf
999
_c
348892
_d
348892